|
|
|
|
| LEADER |
00000nam0a2200000 4500 |
| 001 |
42954 |
| 005 |
20231031015719.0 |
| 035 |
|
|
|a (RuTPU)RU\TPU\book\44350
|
| 090 |
|
|
|a 42954
|
| 100 |
|
|
|a 20020919d1969 m y0rusy50 ca
|
| 101 |
0 |
|
|a ger
|a rus
|
| 102 |
|
|
|a RU
|
| 105 |
|
|
|a y j 000zy
|
| 200 |
1 |
|
|a Ubungsbuch zur Deutschen Grammatik (Syntax)
|d Сборник упражнений по грамматике немецкого языка (синтаксис)
|z rus
|f Г. М. Биркенгоф, И. Д. Молчанова
|
| 210 |
|
|
|a Москва
|c Международные отношения
|d 1969
|
| 215 |
|
|
|a 176 с.
|
| 300 |
|
|
|a Тит. л. и обл. на нем. яз.
|
| 610 |
1 |
|
|a немецкий язык
|
| 610 |
1 |
|
|a грамматика
|
| 610 |
1 |
|
|a синтаксис
|
| 686 |
|
|
|a Ш143.24-923
|v LBC/SL-A
|2 rubbk
|
| 700 |
|
1 |
|a Биркенгоф
|b Г. М.
|g Гелла Марковна
|
| 701 |
|
1 |
|a Молчанова
|b И. Д.
|g Ирина Дмитриевна
|
| 801 |
|
1 |
|a RU
|b 63413507
|c 20020919
|g PSBO
|
| 801 |
|
2 |
|a RU
|b 63413507
|c 20060619
|g PSBO
|
| 942 |
|
|
|c BK
|